Intervención psicopedagógica en los centros educativos (Record no. 9170)

MARC details
000 -LEADER
campo de control de longitud fija 01609nmc a2200517 a 4500
003 - IDENTIFICADOR DE NÚMERO DE CONTROL
campo de control AR-BaBNM
005 - FECHA Y HORA DE LA ÚLTIMA TRANSACCIÓN
campo de control 20251128204858.0
008 - DATOS DE LONGITUD FIJA--INFORMACIÓN GENERAL
campo de control de longitud fija 011101s1989 ||||||||||||||000 | spa||
020 ## - NÚMERO INTERNACIONAL ESTÁNDAR DEL LIBRO
Número Internacional Estándar del Libro 84-277-0784-2çç
040 ## - FUENTE DE CATALOGACIÓN
Centro/agencia transcriptor AR-BaBNM
245 10 - MENCIÓN DEL TÍTULO
Título Intervención psicopedagógica en los centros educativos
Resto del título métodos y procedimientos para aumentar la competencia de los estudiantes
260 ## - PUBLICACIÓN, DISTRIBUCIÓN, ETC.
Lugar de publicación, distribución, etc. Madrid
Nombre del editor, distribuidor, etc. Narcea
Fecha de publicación, distribución, etc. 1989
300 0# - DESCRIPCIÓN FÍSICA
Extensión 286 p.
Otros detalles físicos tablas, diagr.
490 #0 - MENCIÓN DE SERIE
Mención de serie Educación hoy. Estudios
500 0# - NOTA GENERAL
Nota general Indice de autores: p. 267-271
500 0# - NOTA GENERAL
Nota general Indice de nombres: p. 273-281
500 0# - NOTA GENERAL
Nota general Indice temático: p. 283-286
504 ## - NOTA DE BIBLIOGRAFÍA, ETC.
Nota de bibliografía, etc. Nota La bibliografía aparece al final de cada capítulo
650 #4 - PUNTO DE ACCESO ADICIONAL DE MATERIA--TÉRMINO DE MATERIA
Término de materia o nombre geográfico como elemento de entrada PROCESOS PSICOPEDAGOGICOS
650 #4 - PUNTO DE ACCESO ADICIONAL DE MATERIA--TÉRMINO DE MATERIA
Término de materia o nombre geográfico como elemento de entrada ORIENTACION PEDAGOGICA
650 #4 - PUNTO DE ACCESO ADICIONAL DE MATERIA--TÉRMINO DE MATERIA
Término de materia o nombre geográfico como elemento de entrada PSICOLOGIA DE LA EDUCACION
650 #4 - PUNTO DE ACCESO ADICIONAL DE MATERIA--TÉRMINO DE MATERIA
Término de materia o nombre geográfico como elemento de entrada COMPETENCIAS
650 #4 - PUNTO DE ACCESO ADICIONAL DE MATERIA--TÉRMINO DE MATERIA
Término de materia o nombre geográfico como elemento de entrada PROBLEMAS DISCIPLINARIOS
650 #4 - PUNTO DE ACCESO ADICIONAL DE MATERIA--TÉRMINO DE MATERIA
Término de materia o nombre geográfico como elemento de entrada AMBIENTE ESCOLAR
650 #4 - PUNTO DE ACCESO ADICIONAL DE MATERIA--TÉRMINO DE MATERIA
Término de materia o nombre geográfico como elemento de entrada RENDIMIENTO DEL ALUMNO
651 #4 - PUNTO DE ACCESO ADICIONAL DE MATERIA--NOMBRE GEOGRÁFICO
Nombre geográfico Estados Unidos
653 #0 - TÉRMINO DE INDIZACIÓN--NO CONTROLADO
Término no controlado PSICOPEDAGOGIA
653 #0 - TÉRMINO DE INDIZACIÓN--NO CONTROLADO
Término no controlado PSICOLOGIA COGNITIVA
700 1# - ENTRADA AGREGADA--NOMBRE PERSONAL
Nombre de persona Maher, Charles A.
700 1# - ENTRADA AGREGADA--NOMBRE PERSONAL
Nombre de persona Zins, Joseph E.
700 1# - ENTRADA AGREGADA--NOMBRE PERSONAL
Nombre de persona De Lorbar, Jorge
Término indicativo de función/relación traductor
700 1# - ENTRADA AGREGADA--NOMBRE PERSONAL
Nombre de persona Curtis, Michael J.
700 1# - ENTRADA AGREGADA--NOMBRE PERSONAL
Nombre de persona Garden, Janet L.
700 1# - ENTRADA AGREGADA--NOMBRE PERSONAL
Nombre de persona Gesten, Ellis L.
700 1# - ENTRADA AGREGADA--NOMBRE PERSONAL
Nombre de persona Amish, Patricia L.
700 1# - ENTRADA AGREGADA--NOMBRE PERSONAL
Nombre de persona Botvin, Gilbert J.
700 1# - ENTRADA AGREGADA--NOMBRE PERSONAL
Nombre de persona Wise, Pamela S.
700 1# - ENTRADA AGREGADA--NOMBRE PERSONAL
Nombre de persona Byrley, Mary B.
700 1# - ENTRADA AGREGADA--NOMBRE PERSONAL
Nombre de persona Maher, Charles A.
700 1# - ENTRADA AGREGADA--NOMBRE PERSONAL
Nombre de persona Knoff, Howard M.
700 1# - ENTRADA AGREGADA--NOMBRE PERSONAL
Nombre de persona Gresham, Frank M.
700 1# - ENTRADA AGREGADA--NOMBRE PERSONAL
Nombre de persona Kirby Brown, Mace D.
700 1# - ENTRADA AGREGADA--NOMBRE PERSONAL
Nombre de persona Sandoval, Jonathan
942 ## - ELEMENTOS DE ENTRADA SECUNDARIOS (KOHA)
Tipo de ítem Koha Libros
998 ## - INFORMACIÓN DE CONTROL LOCAL (RLIN)
Iniciales del catalogador, CIN (RLIN) SILVI
Holdings
Estatus retirado Estado de pérdida Fuente de la clasificación o esquema de estantería Estado de daño No para préstamo Biblioteca de origen Biblioteca actual Fecha de adquisición Total de préstamos Signatura topográfica completa Código de barras Visto por última vez Precio de reemplazo Tipo de ítem Koha
    Clasificación Decimal Dewey     Liberty Liberty 28/11/2025   37.015.3 MAH 098962 28/11/2025 28/11/2025 Libros
    Clasificación Decimal Dewey     Liberty Liberty 28/11/2025   37.015.3 MAH 098963 28/11/2025 28/11/2025 Libros
    Clasificación Decimal Dewey     Liberty Liberty 28/11/2025   37.015.3 MAH 098964 28/11/2025 28/11/2025 Libros